How to run a successful design business : (Record no. 354205)

000 -LEADER
fixed length control field 00648nam a22002177a 4500
003 - CONTROL NUMBER IDENTIFIER
control field OSt
005 - DATE AND TIME OF LATEST TRANSACTION
control field 20180116192434.0
008 - FIXED-LENGTH DATA ELEMENTS--GENERAL INFORMATION
fixed length control field 160830t xxu||||| |||| 00| 0 eng d
020 ## - INTERNATIONAL STANDARD BOOK NUMBER
International Standard Book Number 9780566091896
040 ## - CATALOGING SOURCE
Transcribing agency 0
082 ## - DEWEY DECIMAL CLASSIFICATION NUMBER
Classification number 745.2068
100 1# - MAIN ENTRY--PERSONAL NAME
Personal name Preddy, Shan
9 (RLIN) 8684
245 1# - TITLE STATEMENT
Title How to run a successful design business :
Remainder of title the new professional practice
Statement of responsibility, etc. Shan preddy
260 ## - PUBLICATION, DISTRIBUTION, ETC.
Place of publication, distribution, etc. cherry street:
Name of publisher, distributor, etc. Gower;
Date of publication, distribution, etc. 2011.
300 ## - PHYSICAL DESCRIPTION
Extent 434 p.:
Other physical details ill;
Dimensions 24 cm.
650 ## - SUBJECT ADDED ENTRY--TOPICAL TERM
Topical term or geographic name entry element Success in business
9 (RLIN) 8685
650 ## - SUBJECT ADDED ENTRY--TOPICAL TERM
Topical term or geographic name entry element Industrial design
9 (RLIN) 8686
650 ## - SUBJECT ADDED ENTRY--TOPICAL TERM
Topical term or geographic name entry element Industrial management
9 (RLIN) 8687
650 ## - SUBJECT ADDED ENTRY--TOPICAL TERM
Topical term or geographic name entry element Design services
General subdivision Management
9 (RLIN) 8688
942 ## - ADDED ENTRY ELEMENTS (KOHA)
Source of classification or shelving scheme
Koha item type Book
Holdings
Withdrawn status Lost status Source of classification or shelving scheme Damaged status Not for loan Permanent Location Current Location Date acquired Total Checkouts Full call number Barcode Date last seen Cost, replacement price Price effective from Koha item type
          School of Art Design and Architecture (SADA) School of Art Design and Architecture (SADA) 08/25/2016   745.2068 PRE 2011 SADA0002596 01/05/2017 4543.58 01/05/2017 Book
© 2023 Central Library, National University of Sciences and Technology. All Rights Reserved.